000
00324nam a2200121Ia 4500
008
220204s9999 xx 000 0 und d
082
_a
632.951
_b
NAR
245
0
_a
Neurotoxicology of insecticides and pheromones
260
_a
New York
_b
Plenum
_c
1979
650
_a
Neurotoxicology
700
_a
NARAHASHI, Toshio
942
_c
BK
999
_c
33373
_d
33373